[Event "Nothing out of the ordinary"]
[Site "SchemingMind.com"]
[Date "2006.05.18"]
[Round "-"]
[White "Mitchell-in"]
[Black "iain"]
[Result "1-0"]
[WhiteCountry "ENG"]
[BlackCountry "USA"]
[WhiteElo "1540"]
[WhiteRD "116"]
[BlackElo "1230"]
[BlackRD "76"]
[GameID "51318"]

1. c4 Nf6 2. Nc3 d6 3. d4 g6 4. e4 Bg7 5. f4 O-O 6. e5 dxe5 7. fxe5 Ng4 8. h3 Nh6 9. Nf3 Nf5 10. d5 Ng3
11. Rh2 e6 12. Bg5 f6 13. Bh4 Nf5 14. exf6 Bxf6 15. Bxf6 Qxf6 16. Be2 Ne3 17. Qd3 Nf5 18. O-O-O Ng3 19. Nd4 Nxe2+ 20. Qxe2 exd5
21. Nxd5 Qg5+ 22. Kb1 Bf5+ 23. Ka1 Nd7 24. Nxf5 gxf5 25. h4 Qg6 26. Ne7+
1-0

[Event "Nothing out of the ordinary"]
[Site "SchemingMind.com"]
[Date "2006.05.19"]
[Round "-"]
[White "Mitchell-in"]
[Black "Dr_Pat"]
[Result "1-0"]
[WhiteCountry "ENG"]
[BlackCountry "USA"]
[WhiteElo "1667"]
[WhiteRD "94"]
[BlackElo "1469"]
[BlackRD "51"]
[GameID "51319"]

1. c4 Nf6 2. Nc3 e6 3. d4 d5 4. Bg5 Be7 5. Nf3 O-O 6. e3 c5 7. Bxf6 Bxf6 8. dxc5 Nc6 9. cxd5 Bxc3+ 10. bxc3 exd5
11. Bb5 Qa5 12. Bxc6 bxc6 13. Qd4 h6 14. O-O Ba6 15. Rfe1 Rab8 16. Ne5 Qc7 17. Rab1 Rxb1 18. Rxb1 Rb8 19. Rxb8+ Qxb8 20. h3 Qb1+
21. Kh2 Qxa2 22. Nxc6 Qxf2 23. Qxd5 Qxe3 24. Qd4 Qxd4 25. cxd4 Bb7 26. Nxa7 g5 27. c6 Bxc6 28. Nxc6
1-0

[Event "Nothing out of the ordinary"]
[Site "SchemingMind.com"]
[Date "2006.05.18"]
[Round "-"]
[White "Mitchell-in"]
[Black "knightrider"]
[Result "1-0"]
[WhiteCountry "ENG"]
[BlackCountry "USA"]
[WhiteElo "1639"]
[WhiteRD "63"]
[BlackElo "1430"]
[BlackRD "58"]
[GameID "51320"]

1. c4 Nf6 2. Nc3 e5 3. Nf3 Nc6 4. e3 Be7 5. d4 exd4 6. exd4 d5 7. Be3 Be6 8. Qb3 O-O 9. Qxb7 Na5 10. Qb5 c6
11. Qa4 Nxc4 12. Bxc4 dxc4 13. Qxc6 Bd7 14. Qxc4 Qb8 15. b3 Qb7 16. O-O Rfc8 17. Qd3 Bb4 18. Rac1 Bxc3 19. Rxc3 Bb5 20. Rxc8+ Rxc8
21. Qd1 Bxf1 22. Kxf1 Qa6+ 23. Kg1= Qxa2 24. h3 Qxb3 25. Qxb3 h6 26. Qb7 Re8 27. Qxa7 Re6 28. Qb8+ Re8 29. Qc7 Rf8 30. Ne5 Nh7=
31. Nxf7 Rxf7 32. Qc4 Nf6 33. d5 Kh7 34. d6 Rd7 35. Qc6 g5 36. Bd4
1-0

[Event "Nothing out of the ordinary"]
[Site "SchemingMind.com"]
[Date "2006.05.18"]
[Round "-"]
[White "Mitchell-in"]
[Black "mart_r3000"]
[Result "1-0"]
[WhiteCountry "ENG"]
[BlackCountry "ENG"]
[WhiteElo "1540"]
[WhiteRD "116"]
[BlackElo "1260"]
[BlackRD "61"]
[GameID "51321"]

1. c4 Nf6 2. Nc3 g6 3. d4 Nc6 4. e4 e5 5. d5 Nd4 6. Nf3 d6 7. Nxd4 exd4 8. Qxd4 c5 9. Qd1 Qe7 10. Bd3 Bd7
11. O-O Ng4 12. h3 Ne5 13. f4 Nxd3 14. Qxd3 O-O-O 15. a3 a6 16. b4 cxb4 17. axb4 Qh4 18. b5 Qf6 19. bxa6 b6 20. Qe3 Bh6
21. g4 Qh4 22. a7 Kb7 23. Ba3 Kxa7 24. Bxd6+ Kb7 25. c5 b5 26. c6+
1-0

[Event "Nothing out of the ordinary"]
[Site "SchemingMind.com"]
[Date "2006.05.18"]
[Round "-"]
[White "asperse"]
[Black "Mitchell-in"]
[Result "1-0"]
[WhiteCountry "ENG"]
[BlackCountry "ENG"]
[WhiteElo "1306"]
[WhiteRD "67"]
[BlackElo "1540"]
[BlackRD "116"]
[GameID "51322"]

1. c4 Nf6 2. Nc3 e6 3. d4 d5 4. cxd5 exd5 5. f3 c5 6. e3 Nc6 7. dxc5 Bxc5 8. Bd3 O-O 9. Nh3 Bxh3 10. gxh3 Qd7
11. e4 Qxh3 12. Qe2 Qh4+ 13. Kf1 Nd4 14. Qg2 dxe4 15. Rg1 g6 16. Bxe4 Nxe4 17. Nxe4 Rac8 18. Bg5 Qh5 19. Nf6+
1-0

[Event "Nothing out of the ordinary"]
[Site "SchemingMind.com"]
[Date "2006.05.18"]
[Round "-"]
[White "toguints"]
[Black "Mitchell-in"]
[Result "1/2-1/2"]
[WhiteCountry "PHI"]
[BlackCountry "ENG"]
[WhiteElo "1476"]
[WhiteRD "61"]
[BlackElo "1639"]
[BlackRD "63"]
[GameID "51324"]

1. c4 Nf6 2. Nc3 g6 3. Nf3 Bg7 4. Qb3 O-O 5. e4 d6 6. d3 Nc6 7. Be2 b6 8. Be3 Bb7 9. O-O a5 10. a3 e6
11. d4 a4 12. Qc2 Qd7 13. Bd1 e5 14. d5 Ne7 15. Nxa4 Ng4 16. Nd2 f5 17. Bxb6 Rxa4 18. Qxa4 Qxa4 19. Bxa4 cxb6 20. f3 Ne3
21. Rfc1 f4 22. Nf1 Nxf1= 23. Rxf1 Rc8 24. Rfc1 Ba6 25. b3 Kf7 26. Bd7 Rc7 27. Be6+ Ke8 28. Rc3 Nc8 29. Rac1 Na7 30. b4 Bf8
31. h4 h6 32. g4 g5 33. hxg5 hxg5= 34. Kf2 Ke7 35. a4 Kf6 36. b5 Bc8 37. Bf5 Be7 38. Rh1 Bxf5= 39. exf5 Kg7 40. Ke2 Bf6
41. Kd3 Nc8 42. Ra1=
1/2-1/2

[Event "Nothing out of the ordinary"]
[Site "SchemingMind.com"]
[Date "2006.05.18"]
[Round "-"]
[White "gz4bkn"]
[Black "Mitchell-in"]
[Result "0-1"]
[WhiteCountry "USA"]
[BlackCountry "ENG"]
[WhiteElo "1402"]
[WhiteRD "75"]
[BlackElo "1667"]
[BlackRD "94"]
[GameID "51325"]

1. c4 Nf6 2. Nc3 c5 3. Nf3 Nc6 4. e3 e6 5. d4 d5 6. cxd5 exd5 7. Be2 Be7 8. Qc2 O-O 9. e4 dxe4 10. Nxe4 Nxd4
11. Nxf6+ Bxf6 12. Nxd4 cxd4 13. O-O Be6 14. Bd3 h6 15. Be4 Rc8 16. Qd3 Bc4 17. Bh7+ Kh8 18. Qe4 Bxf1 19. Bf5 Re8 20. Qg4 Bc4
21. Bd2 Be6 22. h3 Bxf5 23. Qxf5 Re5 24. Qd3 Qc7 25. Kf1 Qc4 26. Qxc4 Rxc4 27. b3 Rc2 28. Bf4 Ree2 29. Bg3 d3 30. Rd1 Red2
31. Ke1 Rxd1+ 32. Kxd1 Rxa2 33. h4 Bc3 34. Bb8 Ra1#
0-1

[Event "Nothing out of the ordinary"]
[Site "SchemingMind.com"]
[Date "2006.05.18"]
[Round "-"]
[White "iain"]
[Black "Mitchell-in"]
[Result "0-1"]
[WhiteCountry "USA"]
[BlackCountry "ENG"]
[WhiteElo "1376"]
[WhiteRD "56"]
[BlackElo "1639"]
[BlackRD "63"]
[GameID "51326"]

1. c4 Nf6 2. Nc3 e6 3. Nf3 c6 4. e4 d5 5. cxd5 cxd5 6. d3 dxe4 7. dxe4 Qxd1+ 8. Kxd1 Bb4 9. Be2 Bxc3 10. bxc3 Nxe4
11. Ke1 Nxc3 12. Ba3 Nxe2 13. Kxe2 Nc6 14. Rhd1 Bd7 15. Ng5 f6 16. Ne4 b6 17. Nd6+ Kf8 18. Nb7+ Ke8 19. Nd6+ Kf8= 20. Nb5+ Ke8
21. Nc7+ Kd8 22. Nxe6+ Kc8 23. Nxg7 Rg8 24. Nh5 Bg4+ 25. f3 Bxh5 26. Rd6 Re8+ 27. Kf2 Ne5 28. Rc1+ Kb7 29. g4 Bg6 30. Kg3 f5
31. gxf5 Bxf5 32. f4 Nf7 33. Rf6 Bg6 34. f5 Bh5 35. Kh4 Rac8 36. Rxc8 Rxc8 37. Kxh5 Ne5 38. Bd6 Nc4 39. Rf7+ Ka6 40. Rxh7 Nxd6
41. f6 Rc2 42. h4 Rxa2 43. f7 Nxf7 44. Rxf7 b5 45. Rf6+ Ka5 46. Rf5 Ka4 47. Kg5 b4 48. h5 b3 49. Rf7 a6 50. Rb7 Rg2+
51. Kf5 b2 52. h6 a5 53. h7 Rh2 54. Rxb2 Rxh7 55. Ra2+ Kb4 56. Kg6 Rh1 57. Kf5 a4 58. Ke4 Kb3 59. Rg2 a3
0-1

[Event "Nothing out of the ordinary"]
[Site "SchemingMind.com"]
[Date "2006.05.18"]
[Round "-"]
[White "Dr_Pat"]
[Black "Mitchell-in"]
[Result "0-1"]
[WhiteCountry "USA"]
[BlackCountry "ENG"]
[WhiteElo "1440"]
[WhiteRD "47"]
[BlackElo "1639"]
[BlackRD "63"]
[GameID "51327"]

1. c4 Nf6 2. Nc3 Nc6 3. Nf3 e6 4. d4 Bb4 5. e3 Ne4 6. Qc2 d5 7. Bd2 Nxd2 8. Nxd2 Bxc3 9. Qxc3 O-O 10. Bd3 h6
11. O-O Qd6 12. a3 e5 13. Nf3 e4 14. Ne5 exd3 15. Qxd3 Nxe5 16. dxe5 Qxe5 17. cxd5 Bf5 18. Qb3 b6 19. f3 Rfe8 20. e4 Bd7
21. Rae1 Qd4+ 22. Kh1 c6 23. dxc6 Bxc6 24. Qc2 Rac8 25. Qf2 Qxf2 26. Rxf2 Red8 27. g3 f6 28. Kg2 Kf7 29. f4 Re8 30. h4 Bxe4+
31. Kh2 Bf5 32. Rxe8 Rxe8 33. Rg2 Rc8 34. g4 Be6 35. f5 Bb3 36. Rg3 Rc2+ 37. Rg2 Rxg2+ 38. Kxg2 Ke7 39. Kg3 Kd6 40. Kf4 Kd5
41. h5 Kc4 42. Ke4 Bc2+ 43. Ke3 Kb3 44. Kd4 Bd1
0-1

[Event "Nothing out of the ordinary"]
[Site "SchemingMind.com"]
[Date "2006.05.18"]
[Round "-"]
[White "knightrider"]
[Black "Mitchell-in"]
[Result "1-0"]
[WhiteCountry "USA"]
[BlackCountry "ENG"]
[WhiteElo "1374"]
[WhiteRD "61"]
[BlackElo "1667"]
[BlackRD "94"]
[GameID "51328"]

1. c4 Nf6 2. Nc3 e6 3. d4 Bb4 4. e3 O-O 5. Bd3 d5 6. Nf3 dxc4 7. Bxc4 c5 8. O-O Nc6 9. a3 Bxc3 10. bxc3 cxd4
11. exd4 a6 12. Re1 b5 13. Bb3 Bb7 14. Qd3 Na5 15. Bc2 Rc8 16. Bg5 g6 17. Ne5 Qd5 18. f3 Nc4 19. Bxf6 Nxe5 20. Rxe5
1-0

[Event "Nothing out of the ordinary"]
[Site "SchemingMind.com"]
[Date "2006.05.18"]
[Round "-"]
[White "mart_r3000"]
[Black "Mitchell-in"]
[Result "0-1"]
[WhiteCountry "ENG"]
[BlackCountry "ENG"]
[WhiteElo "1311"]
[WhiteRD "55"]
[BlackElo "1667"]
[BlackRD "94"]
[GameID "51329"]

1. c4 Nf6 2. Nc3 c6 3. d4 d5 4. c5 Nbd7 5. Nf3 b6 6. cxb6 axb6 7. e3 e6 8. b3 c5 9. e4 dxe4 10. Ng5 Bb7
11. f3 exf3 12. gxf3 h6 13. Nxe6 fxe6 14. Qe2 cxd4 15. Nb5 Bb4+ 16. Bd2 Bxd2+ 17. Qxd2 O-O 18. Nxd4 Qe7 19. Bc4 Kh8 20. Nb5 Bxf3
21. O-O Qc5+ 22. Nd4 Bd5 23. Rf2 Ne4 24. Rxf8+ Rxf8 25. Qe3 Bxc4 26. Qxe4 Bd5 27. Qe3 Rf3 28. Qd2 e5 29. Rf1 Rxf1+ 30. Kxf1 Qxd4
31. Ke1 Qxd2+ 32. Kxd2 g5 33. Kc3 e4 34. Kd4 Bb7 35. Ke3 Kg7 36. b4 Kf6 37. a4 Ke5
0-1

[Event "Nothing out of the ordinary"]
[Site "SchemingMind.com"]
[Date "2006.05.21"]
[Round "-"]
[White "me801"]
[Black "asperse"]
[Result "0-1"]
[WhiteCountry "ENG"]
[BlackCountry "ENG"]
[WhiteElo "1045"]
[WhiteRD "100"]
[BlackElo "1336"]
[BlackRD "66"]
[GameID "51631"]

1. c4 Nf6 2. Nc3 e5 3. Qa4 Bc5 4. d3 O-O 5. Bg5 h6 6. Be3 Bxe3 7. fxe3 d5 8. Nf3 dxc4 9. Qxc4 Nc6 10. b3 Be6
11. Qh4 a6 12. a4 Nb4 13. Qxb4 Qd7 14. Rc1 Ng4 15. h3 Nxe3 16. Ne4 Nxf1 17. Rxf1 Bf5 18. Ng3 Rfe8 19. Nh4 Be6 20. Nf3 a5
21. Qc5 Bxb3 22. Qxc7 Qxa4 23. Qxb7 Rab8 24. Qc6 Qb4+ 25. Rc3 Qa3 26. Kf2 a4 27. Qc5 Qb2 28. Rfc1 Be6 29. Qxe5 Bxh3 30. gxh3 Rxe5
0-1

[Event "Nothing out of the ordinary"]
[Site "SchemingMind.com"]
[Date "2006.05.20"]
[Round "-"]
[White "me801"]
[Black "toguints"]
[Result "0-1"]
[WhiteCountry "ENG"]
[BlackCountry "PHI"]
[WhiteElo "1045"]
[WhiteRD "100"]
[BlackElo "1476"]
[BlackRD "61"]
[GameID "51633"]

1. c4 Nf6 2. Nc3 e5 3. Qa4 Nc6 4. d3 d6 5. Bg5 Bd7 6. O-O-O Be7 7. Kb1 O-O 8. Nb5 a6 9. Nc3 h6 10. Bh4 Nd4
11. Qa5 d5 12. e3 b6 13. Qxd5 Nxd5 14. Nxd5 Bxh4 15. g3 c6 16. Nb4 c5 17. Nd5 Bg4 18. Be2 Nxe2 19. Re1 Bf5 20. Rxe2 Bxd3+
21. Rc2 Bxc2+ 22. Kxc2 Bf6 23. Nh3 b5 24. Rd1 bxc4 25. Kc3 Qa5+ 26. Kxc4 Qxa2+ 27. Kxc5 Rac8+ 28. Kd6 Rfd8#
0-1

[Event "Nothing out of the ordinary"]
[Site "SchemingMind.com"]
[Date "2006.05.23"]
[Round "-"]
[White "me801"]
[Black "gz4bkn"]
[Result "0-1"]
[WhiteCountry "ENG"]
[BlackCountry "USA"]
[WhiteElo "1045"]
[WhiteRD "100"]
[BlackElo "1429"]
[BlackRD "76"]
[GameID "51634"]

1. c4 Nf6 2. Nc3 g6 3. Qc2 Bg7 4. Qa4 c6 5. d3 O-O 6. Bg5 d5 7. O-O-O Bd7 8. g3 d4 9. Ne4 Nxe4 10. Bg2 Nxf2
11. Nf3 Nxh1 12. Rxh1 f6 13. Bf4 c5 14. Qb3 b6 15. Nh4 Nc6 16. Be4 Na5 17. Nf3 Nxb3+ 18. Kc2 Rc8 19. Kxb3 Bc6 20. Bxc6 Rxc6
21. Rf1 e5 22. Kc2 exf4 23. Kc1 fxg3 24. hxg3 Bh6+ 25. Nd2 Bxd2+
0-1

[Event "Nothing out of the ordinary"]
[Site "SchemingMind.com"]
[Date "2006.05.20"]
[Round "-"]
[White "me801"]
[Black "iain"]
[Result "0-1"]
[WhiteCountry "ENG"]
[BlackCountry "USA"]
[WhiteElo "1081"]
[WhiteRD "116"]
[BlackElo "1349"]
[BlackRD "61"]
[GameID "51635"]

1. c4 Nf6 2. Nc3 d6 3. Qa4+ Bd7 4. Qa5 Nc6 5. Qa3 e5 6. d3 Be7 7. Bg5 O-O 8. O-O-O h6 9. Bh4 g5 10. Bg3 Nh5
11. Na4 Nxg3 12. fxg3 d5 13. Qb3 dxc4 14. dxc4 Qc8 15. Qd3 Bf5 16. Qd5 Nd4 17. Nc5 Bxc5 18. Qxc5 b6 19. Qxe5 c5 20. Qf6 Bg6
21. e3 Nc2 22. Bd3 Bxd3 23. Rxd3 Ne1 24. Rd1 Nxg2 25. Qxh6 Qf5 26. Ne2 Nxe3 27. h4 Qc2#
0-1

[Event "Nothing out of the ordinary"]
[Site "SchemingMind.com"]
[Date "2006.05.20"]
[Round "-"]
[White "me801"]
[Black "Dr_Pat"]
[Result "0-1"]
[WhiteCountry "ENG"]
[BlackCountry "USA"]
[WhiteElo "1081"]
[WhiteRD "116"]
[BlackElo "1469"]
[BlackRD "51"]
[GameID "51636"]

1. c4 Nf6 2. Nc3 e6 3. e3 d5 4. Qa4+ Bd7 5. Qa5 b6 6. Qxa7 Rxa7 7. Bd3 Bb4 8. Nd1 O-O 9. Nf3 Be7 10. O-O c5
11. Nh4 Nc6 12. Nc3 Ne5 13. Nf3 Nxd3 14. b3 Nxc1 15. Raxc1 Ne4 16. Ne2 Rxa2 17. Ne5 Rxd2 18. Nf3 Rxe2 19. Rfe1 Rxe1+ 20. Rxe1 dxc4
21. bxc4 b5 22. cxb5 Bxb5 23. Ne5 Qd2 24. Rf1 Bxf1 25. Kxf1 Qd1#
0-1

[Event "Nothing out of the ordinary"]
[Site "SchemingMind.com"]
[Date "2006.05.20"]
[Round "-"]
[White "me801"]
[Black "knightrider"]
[Result "0-1"]
[WhiteCountry "ENG"]
[BlackCountry "USA"]
[WhiteElo "1081"]
[WhiteRD "116"]
[BlackElo "1374"]
[BlackRD "61"]
[GameID "51637"]

1. c4 Nf6 2. Nc3 g6 3. Qa4 c6 4. Nf3 e6 5. d3 Bg7 6. Bf4 d6 7. O-O-O O-O 8. Nb1 c5 9. Na3 Bd7 10. Qb3 Nc6
11. g3 Na5 12. Qc3 Ng4 13. h3 Bxc3 14. Kc2 Nxf2 15. Bg2 Bb4 16. Bh6 Re8 17. Nh4 Nxd1 18. Rxd1 Qf6 19. Be4 Ba4+ 20. Kb1 Bxd1
21. Kc1 Qf1 22. Nf3 Ba4+ 23. Ne1 Qxe1#
0-1

[Event "Nothing out of the ordinary"]
[Site "SchemingMind.com"]
[Date "2006.05.20"]
[Round "-"]
[White "me801"]
[Black "mart_r3000"]
[Result "0-1"]
[WhiteCountry "ENG"]
[BlackCountry "ENG"]
[WhiteElo "1081"]
[WhiteRD "116"]
[BlackElo "1311"]
[BlackRD "55"]
[GameID "51638"]

1. c4 Nf6 2. Nc3 c5 3. Qa4 g6 4. d3 Bg7 5. Be3 Qb6 6. Nd5 Qxb2 7. Qd1 O-O 8. Nc7 Ng4 9. Nxa8 Bc3+ 10. Bd2 Bxd2+
11. Qxd2 Qxa1+ 12. Qd1 Qxa2 13. Qd2 Qxd2+ 14. Kxd2 Nxf2 15. Nf3 Nxh1 16. Nh4 Nc6 17. Nc7 e6 18. Nf3 Nf2 19. Nb5 a6 20. Nc3 d5
21. g3 e5 22. e4 dxe4 23. Nxe4 Nxe4+ 24. Ke3 f5 25. Bh3 f4+ 26. Kxe4 Bxh3 27. Ng5 Bg2+ 28. Nf3 Nd4 29. gxf4 Bxf3+ 30. Ke3 Rxf4
31. Kf2 Bg4+ 32. Kg3 Ne2+ 33. Kg2 h5 34. Kh1 Bf3#
0-1

[Event "Nothing out of the ordinary"]
[Site "SchemingMind.com"]
[Date "2006.05.20"]
[Round "-"]
[White "me801"]
[Black "Mitchell-in"]
[Result "0-1"]
[WhiteCountry "ENG"]
[BlackCountry "ENG"]
[WhiteElo "1043"]
[WhiteRD "104"]
[BlackElo "1605"]
[BlackRD "60"]
[GameID "51639"]

1. c4 Nf6 2. Nc3 e6 3. d3 Bb4 4. Qc2 O-O 5. Bg5 h6 6. Bh4 d6 7. O-O-O Bxc3 8. Qxc3 c5 9. g3 Nc6 10. Nf3 a6
11. Bh3 g5 12. Bxg5 hxg5 13. Nxg5 Nd5 14. Qd2 b5 15. cxd5 exd5 16. Nf3 Bxh3 17. Qh6 Bg4 18. Ng5 Bf5 19. h4 f6 20. Qh7+ Bxh7
21. Kb1 fxg5 22. e3 gxh4 23. Rxh4 Rxf2
0-1

[Event "Nothing out of the ordinary"]
[Site "SchemingMind.com"]
[Date "2006.05.20"]
[Round "-"]
[White "asperse"]
[Black "me801"]
[Result "1-0"]
[WhiteCountry "ENG"]
[BlackCountry "ENG"]
[WhiteElo "1336"]
[WhiteRD "66"]
[BlackElo "1045"]
[BlackRD "100"]
[GameID "51640"]

1. c4 Nf6 2. Nc3 c6 3. d4 Qa5 4. Bd2 e6 5. e3 Bb4 6. a3 Bd6 7. b4 b6 8. bxa5 bxa5 9. c5 Be7 10. Bd3 Bf8
11. Nf3 Bb7 12. O-O Be7 13. e4 Ng4 14. h3 Nf6 15. e5 Nh5 16. Bg5 f6 17. Be3 Na6 18. exf6 Bxf6 19. Re1 Bh4 20. Nxh4 O-O-O
21. Bxa6 Bxa6 22. Qd2 Rdf8 23. Rab1 Kc7 24. g4 Nf6 25. Bf4+ Kc8 26. Rb8#
1-0

[Event "Nothing out of the ordinary"]
[Site "SchemingMind.com"]
[Date "2006.05.20"]
[Round "-"]
[White "toguints"]
[Black "me801"]
[Result "1-0"]
[WhiteCountry "PHI"]
[BlackCountry "ENG"]
[WhiteElo "1384"]
[WhiteRD "60"]
[BlackElo "1081"]
[BlackRD "116"]
[GameID "51642"]

1. c4 Nf6 2. Nc3 d6 3. d4 e6 4. Bg5 Be7 5. Nf3 O-O 6. e4 Qd7 7. e5 Nh5 8. Be2 Re8 9. Qc2 h6 10. Bxe7 Qxe7
11. d5 Nf4 12. Qe4 Ng6 13. Bd3 Qg5 14. Nxg5 Re7 15. exd6 cxd6 16. Nb5 Bd7 17. Nc7 Na6 18. dxe6 Bc6 19. Qf5 Nh4 20. Qh7+ Kf8
21. Qh8#
1-0

[Event "Nothing out of the ordinary"]
[Site "SchemingMind.com"]
[Date "2006.05.20"]
[Round "-"]
[White "gz4bkn"]
[Black "me801"]
[Result "1-0"]
[WhiteCountry "USA"]
[BlackCountry "ENG"]
[WhiteElo "1402"]
[WhiteRD "75"]
[BlackElo "1081"]
[BlackRD "116"]
[GameID "51643"]

1. c4 Nf6 2. Nc3 e6 3. e4 Qe7 4. Nf3 Qb4 5. a3 Qc5 6. d4 Qa5 7. Bd2 b6 8. e5 Ng4 9. Be2 Ba6 10. Nd5 Qxd2+
11. Qxd2 Be7 12. Nxc7+ Kd8 13. Nxa8 Bb7 14. Nxb6 h6 15. Qa5 Nc6 16. Qa4 Ba6 17. Qxa6 Nb8 18. Qc8#
1-0

[Event "Nothing out of the ordinary"]
[Site "SchemingMind.com"]
[Date "2006.05.20"]
[Round "-"]
[White "iain"]
[Black "me801"]
[Result "1-0"]
[WhiteCountry "USA"]
[BlackCountry "ENG"]
[WhiteElo "1376"]
[WhiteRD "56"]
[BlackElo "1045"]
[BlackRD "100"]
[GameID "51644"]

1. c4 Nf6 2. Nc3 Nc6 3. Nf3 d6 4. e4 e6 5. d4 Be7 6. Be2 O-O 7. O-O Bd7 8. e5 b6 9. exf6 Bxf6 10. d5 Na5
11. dxe6 Bxe6 12. Nd4 Bxc4 13. b3 Bxe2 14. Qxe2 Nb7 15. Bb2 Qe8 16. Qg4 h5 17. Qd1 Qe5 18. Ndb5 a6 19. Nxc7 Rac8 20. Nxa6 Rfe8
21. Re1 Qc5 22. Nxc5 Nxc5 23. Rxe8+ Rxe8 24. Rb1 Ne6 25. Nd5 Nc5 26. Bxf6 gxf6 27. Nxf6+ Kf8 28. Qxd6+ Re7 29. Qxb6 Nd7 30. Nxd7+ Rxd7
31. Qh6+ Kg8 32. Qxh5 Rd6 33. Qg5+ Kh7 34. Qf5+ Kg7 35. Qe5+ Rf6 36. f4
1-0

[Event "Nothing out of the ordinary"]
[Site "SchemingMind.com"]
[Date "2006.05.20"]
[Round "-"]
[White "Dr_Pat"]
[Black "me801"]
[Result "1-0"]
[WhiteCountry "USA"]
[BlackCountry "ENG"]
[WhiteElo "1440"]
[WhiteRD "47"]
[BlackElo "1045"]
[BlackRD "100"]
[GameID "51645"]

1. c4 Nf6 2. Nc3 Ng8 3. d4 e6 4. e4 d6 5. Nf3 Bd7 6. Be2 Qf6 7. O-O Be7 8. Bg5 Qg6 9. Bxe7 Kxe7 10. Qd2 Nh6
11. Nh4 Qf6 12. Nf3 Bc6 13. d5 Bd7 14. h3 Na6 15. Nh2 Rhe8 16. Bd1 Nc5 17. Ne2 e5 18. Ng3 Na4 19. Bxa4 Bxa4 20. Qb4 Qg5
21. Qxa4 Red8 22. Nf3 Qf4 23. c5 dxc5 24. Nh5 g6 25. Nxf4 b6 26. Nxe5 Kf6 27. Ng4+ Kg5 28. Nxh6 Kxh6 29. Rfe1 Kg7 30. e5 Re8
31. Qc6 Kg8 32. e6 fxe6 33. Nxe6 Kf7 34. Qxc7+ Kg8 35. Qg7#
1-0

[Event "Nothing out of the ordinary"]
[Site "SchemingMind.com"]
[Date "2006.05.20"]
[Round "-"]
[White "knightrider"]
[Black "me801"]
[Result "1-0"]
[WhiteCountry "USA"]
[BlackCountry "ENG"]
[WhiteElo "1430"]
[WhiteRD "58"]
[BlackElo "1045"]
[BlackRD "100"]
[GameID "51646"]

1. c4 Nf6 2. Nc3 Na6 3. e4 Nc5 4. Be2 e6 5. e5 Nh5 6. Bxh5 Qh4 7. Be2 Be7 8. Nf3 Qf4 9. d3 Qg4 10. O-O O-O
11. Nd4 Qxd4 12. b4 Na6 13. Qb3 Bh4 14. Be3 Qb6 15. Bxb6 axb6 16. Bf3 d6 17. Qa3 g6 18. b5 Nc5 19. Qxa8 Bd7 20. Qa3 Nxd3
21. g3 Bg5 22. Ne4 Bc1 23. Qxd3 Ra8 24. Rfxc1 c6 25. Nf6+ Kg7 26. Nxd7 Rd8 27. bxc6 bxc6 28. Bxc6 Rc8 29. Qxd6 Rxc6 30. Qxc6 Kh6
31. Qc8 Kg5 32. Qd8+ Kg4 33. Qh4+ Kf3 34. Qf4+ Ke2 35. Qe3#
1-0

[Event "Nothing out of the ordinary"]
[Site "SchemingMind.com"]
[Date "2006.05.20"]
[Round "-"]
[White "mart_r3000"]
[Black "me801"]
[Result "1-0"]
[WhiteCountry "ENG"]
[BlackCountry "ENG"]
[WhiteElo "1311"]
[WhiteRD "55"]
[BlackElo "1081"]
[BlackRD "116"]
[GameID "51647"]

1. c4 Nf6 2. Nc3 g6 3. d3 e6 4. Nf3 Bb4 5. a3 Ba5 6. e4 O-O 7. b4 Bb6 8. c5 Bxc5 9. bxc5 Qe7 10. d4 Nh5
11. Bg5 Qe8 12. Nb5 f6 13. Be3 f5 14. Nxc7 Qd8 15. Nxa8 Qa5+ 16. Bd2 Qc7 17. Nxc7 b6 18. Ne5 Nf6 19. f3 d6 20. cxd6 Nh5
21. Bg5 a5 22. Bc4 Bd7 23. Nxd7 Nxd7 24. Bxe6+ Kg7 25. d5 Rf6 26. Qd4 Ng3 27. Ne8+ Kf8 28. Bxd7 Rxd6 29. Qg7#
1-0

[Event "Nothing out of the ordinary"]
[Site "SchemingMind.com"]
[Date "2006.05.20"]
[Round "-"]
[White "Mitchell-in"]
[Black "me801"]
[Result "1-0"]
[WhiteCountry "ENG"]
[BlackCountry "ENG"]
[WhiteElo "1639"]
[WhiteRD "63"]
[BlackElo "1045"]
[BlackRD "100"]
[GameID "51648"]

1. c4 Nf6 2. Nc3 c6 3. d4 Na6 4. e4 Qa5 5. f3 d6 6. Bd2 Be6 7. Nd5 Qd8 8. Nxf6+ gxf6 9. g3 Qb6 10. d5 Bd7
11. b3 O-O-O 12. Bd3 Bg7 13. a4 h6 14. a5 Qc7 15. b4 Bf8 16. b5 cxb5 17. cxb5 Nc5 18. Be2 b6 19. axb6 Qxb6 20. Ba5 Qb7
21. Bxd8 Kxd8 22. Qb1 Qxb5 23. Bxb5 Nd3+ 24. Qxd3 Bxb5 25. Qxb5 a6 26. Rxa6 Kc7 27. Qc6+ Kb8 28. Rb6+ Ka7 29. Qb7#
1-0